|
|
|
|
| LEADER |
00698nab a2200181 i 4500 |
| 001 |
misc7137 |
| 005 |
20191106144259.0 |
| 008 |
170607s1895 hu o 0|| hun d |
| 022 |
|
|
|a 0025-0260
|
| 040 |
|
|
|a SZTE Miscellanea Repozitórium
|b hun
|
| 041 |
|
|
|a hun
|
| 100 |
1 |
|
|a Heinrich Gusztáv
|
| 245 |
1 |
0 |
|a Tételek a tankönyvek engedélyezéséről
|h [elektronikus dokumentum] /
|c Heinrich Gusztáv
|
| 260 |
|
|
|c 1895
|
| 300 |
|
|
|a 616-617
|
| 490 |
0 |
|
|a Magyar pedagógia : a Magyar Tudományos Akadémia Pedagógiai Bizottságának folyóirata
|v 4
|
| 695 |
|
|
|a Tankönyvek engedélyezése Magyarország 1895, Tankönyv
|
| 856 |
4 |
0 |
|u http://misc.bibl.u-szeged.hu/7137/1/mp_1895_0331_616-617.pdf
|z Dokumentum-elérés
|